Tri Vody : báseň zo Slovenského národného povstania /

Hlavní autor: Plávka, Andrej, 1907-1982
Jazyk: Slovenština
Vydáno: Bratislava : Slovenský spisovateľ, 1954
Vydání: 1. vyd.
Edice: Pôvodná poézia
Fyzický popis: 116 s.
Knihy
Uloženo v:
LEADER 00747nam a22002292a 4500
001 001454843
003 CZ BrMZK
005 20150811144010.0
007 ta
008 150209s1954 xo er|||||||||||slo d
040 |a ABA004  |b cze  |c ABA004  |d ABA004  |d BOA001 
100 1 |a Plávka, Andrej,  |d 1907-1982  |7 jn20000701424  |4 aut 
245 1 0 |a Tri Vody :  |b báseň zo Slovenského národného povstania /  |c Andrej Plávka 
250 |a 1. vyd. 
260 |a Bratislava :  |b Slovenský spisovateľ,  |c 1954 
300 |a 116 s. 
490 1 |a Pôvodná poézia ;  |v zv. 52 
830 0 |a Pôvodná poézia  |0 s 
910 |a BOA001  |b 2-0331.137 
990 |a BK 
991 |b 201502 
996 7 |b 2618996185  |c 2-0331.137  |l MZK  |r Sklad / do 24 hodin  |n 0  |w 001489750  |u 000010  |a 1  |e BOA001  |j MZK50  |s A